| 000 | 01496nam2a22002171 4500 | ||
|---|---|---|---|
| 001 | v19\rc\1234432 | ||
| 005 | 20250617230824.0 | ||
| 035 | _a(NLR Aleph) 004394184 | ||
| 090 |
_a3792679 _c3792679 |
||
| 100 | _a20060306d1883 |||y0rusy50 ca | ||
| 101 | 0 | _arus | |
| 102 | _aRU | ||
| 105 | _ay z ||||| | ||
| 200 | 0 | _a... за 1888 год | |
| 316 |
_aЭкз. РНБ (Desideratum): Отказано. См. Отношение от 1897 г. № 131 _5NLR: Desideratum |
||
| 461 | 0 |
_1001v19\rc\1234425 _12001#$aОтчет Совета римско-католической в Москве церкви свв. ап. Петра и Павла в денежных суммах, принадлежащих как самой церкви, так и состоящим при ней благотворительным учреждениям...$v... за 1888 год$90 _93792592 _aМосковский римско-католической церкви св. апостолов Петра и Павла совет _cМосква _d1883 _tОтчет Совета римско-католической в Москве церкви свв. ап. Петра и Павла в денежных суммах, принадлежащих как самой церкви, так и состоящим при ней благотворительным учреждениям... _v... за 1888 год$90 |
|
| 801 | 0 |
_aRU _bNLR _gpsbo |
|
| 801 | 1 |
_aRU _bProSoft-M _2rusmarc |
|
| 852 |
_aNLR _jDesideratum |
||
| 942 | _cBOOK | ||
| 980 | _aNB | ||